Les visites pontificales depuis 1964 - Statistiques

Statistiques générales
  • Ce quiz a été pris 32 fois
  • Le résultat moyen est 166 sur 317
Statistiques - réponses
Année Pape Pays % Correct
1980 Jean-Paul II France
96%
1983 Jean-Paul II France
96%
1986 Jean-Paul II France
96%
1988 Jean-Paul II France
96%
1997 Jean-Paul II France
96%
2004 Jean-Paul II France
96%
2008 Benoît XVI France
96%
2023 François France
96%
1980 Jean-Paul II Allemagne
92%
1987 Jean-Paul II Allemagne
92%
1996 Jean-Paul II Allemagne
92%
2005 Benoît XVI Allemagne
92%
2006 Benoît XVI Allemagne
92%
2011 Benoît XVI Allemagne
92%
1982 Jean-Paul II Argentine
92%
1987 Jean-Paul II Argentine
92%
1984 Jean-Paul II Canada
92%
2002 Jean-Paul II Canada
92%
2022 François Canada
92%
1979 Jean-Paul II Pologne
92%
1983 Jean-Paul II Pologne
92%
1987 Jean-Paul II Pologne
92%
1991 Jean-Paul II Pologne
92%
1991 Jean-Paul II Pologne
92%
1995 Jean-Paul II Pologne
92%
1997 Jean-Paul II Pologne
92%
1999 Jean-Paul II Pologne
92%
2002 Jean-Paul II Pologne
92%
2006 Benoît XVI Pologne
92%
2016 François Pologne
92%
1980 Jean-Paul II Brésil
88%
1982 Jean-Paul II Brésil
88%
1991 Jean-Paul II Brésil
88%
1997 Jean-Paul II Brésil
88%
2007 Benoît XVI Brésil
88%
2013 François Brésil
88%
1979 Jean-Paul II Etats-Unis
88%
1981 Jean-Paul II Etats-Unis
88%
1984 Jean-Paul II Etats-Unis
88%
1987 Jean-Paul II Etats-Unis
88%
1993 Jean-Paul II Etats-Unis
88%
1995 Jean-Paul II Etats-Unis
88%
1999 Jean-Paul II Etats-Unis
88%
2008 Benoît XVI Etats-Unis
88%
2015 François Etats-Unis
88%
1985 Jean-Paul II Belgique
83%
1995 Jean-Paul II Belgique
83%
1982 Jean-Paul II Espagne
83%
1984 Jean-Paul II Espagne
83%
1989 Jean-Paul II Espagne
83%
1993 Jean-Paul II Espagne
83%
2003 Jean-Paul II Espagne
83%
2006 Benoît XVI Espagne
83%
2010 Benoît XVI Espagne
83%
2001 Jean-Paul II Grèce
83%
2016 François Grèce
83%
2021 François Grèce
83%
1967 Paul VI Portugal
83%
1982 Jean-Paul II Portugal
83%
1983 Jean-Paul II Portugal
83%
1991 Jean-Paul II Portugal
83%
2000 Jean-Paul II Portugal
83%
2010 Benoît XVI Portugal
83%
2017 François Portugal
83%
2023 François Portugal
83%
1982 Jean-Paul II Royaume-Uni
83%
2010 Benoît XVI Royaume-Uni
83%
1981 Jean-Paul II Japon
79%
2019 François Japon
79%
1985 Jean-Paul II Pays-Bas
79%
1982 Jean-Paul II Suisse
79%
1969 Paul VI Suisse
79%
1984 Jean-Paul II Suisse
79%
1985 Jean-Paul II Suisse
79%
2004 Jean-Paul II Suisse
79%
2018 François Suisse
79%
1970 Paul VI Australie
75%
1986 Jean-Paul II Australie
75%
1995 Jean-Paul II Australie
75%
2008 Benoît XVI Australie
75%
1968 Paul VI Colombie
75%
1986 Jean-Paul II Colombie
75%
2017 François Colombie
75%
1979 Jean-Paul II Irlande
75%
2018 François Irlande
75%
1979 Jean-Paul II Mexique
75%
1990 Jean-Paul II Mexique
75%
1993 Jean-Paul II Mexique
75%
1999 Jean-Paul II Mexique
75%
2002 Jean-Paul II Mexique
75%
2012 Benoît XVI Mexique
75%
2016 François Mexique
75%
1989 Jean-Paul II Norvège
75%
1989 Jean-Paul II Suède
75%
2016 François Suède
75%
2001 Jean-Paul II Ukraine
75%
1988 Jean-Paul II Bolivie
71%
2015 François Bolivie
71%
1989 Jean-Paul II Finlande
71%
1985 Jean-Paul II Pérou
71%
1988 Jean-Paul II Pérou
71%
2018 François Pérou
71%
1967 Paul VI Turquie
71%
1979 Jean-Paul II Turquie
71%
2006 Benoît XVI Turquie
71%
2014 François Turquie
71%
1983 Jean-Paul II Autriche
67%
1988 Jean-Paul II Autriche
67%
1998 Jean-Paul II Autriche
67%
2007 Benoît XVI Autriche
67%
1989 Jean-Paul II Danemark
67%
1991 Jean-Paul II Hongrie
67%
2021 François Hongrie
67%
2023 François Hongrie
67%
1989 Jean-Paul II Islande
67%
1988 Jean-Paul II Paraguay
67%
2015 François Paraguay
67%
1980 Jean-Paul II RD Congo
67%
1985 Jean-Paul II RD Congo
67%
2023 François RD Congo
67%
1995 Jean-Paul II Slovaquie
67%
2003 Jean-Paul II Slovaquie
67%
2021 François Slovaquie
67%
1987 Jean-Paul II Uruguay
67%
1988 Jean-Paul II Uruguay
67%
1995 Jean-Paul II Afrique-du-Sud
63%
1997 Jean-Paul II Bosnie-Herzégovine
63%
2003 Jean-Paul II Bosnie-Herzégovine
63%
2015 François Bosnie-Herzégovine
63%
1980 Jean-Paul II Congo
63%
2000 Jean-Paul II Egypte
63%
2017 François Egypte
63%
1964 Paul VI Inde
63%
1986 Jean-Paul II Inde
63%
1999 Jean-Paul II Inde
63%
1993 Jean-Paul II Lettonie
63%
2018 François Lettonie
63%
1985 Jean-Paul II Venezuela
63%
1996 Jean-Paul II Venezuela
63%
1987 Jean-Paul II Chili
58%
2018 François Chili
58%
1994 Jean-Paul II Croatie
58%
1998 Jean-Paul II Croatie
58%
2003 Jean-Paul II Croatie
58%
2011 Benoît XVI Croatie
58%
1985 Jean-Paul II Equateur
58%
2015 François Equateur
58%
1993 Jean-Paul II Estonie
58%
2018 François Estonie
58%
1993 Jean-Paul II Lituanie
58%
2018 François Lituanie
58%
1996 Jean-Paul II Slovénie
58%
1999 Jean-Paul II Slovénie
58%
1995 Jean-Paul II Tchéquie
58%
1997 Jean-Paul II Tchéquie
58%
2009 Benoît XVI Tchéquie
58%
1993 Jean-Paul II Albanie
54%
2014 François Albanie
54%
2002 Jean-Paul II Bulgarie
54%
2019 François Bulgarie
54%
1998 Jean-Paul II Cuba
54%
2012 Benoît XVI Cuba
54%
2015 François Cuba
54%
2016 François Cuba
54%
1964 Paul VI Israël
54%
2000 Jean-Paul II Israël
54%
2009 Benoît XVI Israël
54%
2014 François Israël
54%
1985 Jean-Paul II Maroc
54%
2019 François Maroc
54%
1999 Jean-Paul II Roumanie
54%
2019 François Roumanie
54%
1992 Jean-Paul II Angola
50%
2009 Benoît XVI Angola
50%
1983 Jean-Paul II Guatemala
50%
1996 Jean-Paul II Guatemala
50%
2002 Jean-Paul II Guatemala
50%
1986 Jean-Paul II Nouvelle-Zélande
50%
1982 Jean-Paul II Saint-Marin
50%
2011 Benoît XVI Saint-Marin
50%
1984 Jean-Paul II Corée-du-Sud
46%
1989 Jean-Paul II Corée-du-Sud
46%
2014 François Corée-du-Sud
46%
1985 Jean-Paul II Luxembourg
46%
1983 Jean-Paul II Nicaragua
46%
1996 Jean-Paul II Nicaragua
46%
1982 Jean-Paul II Nigeria
46%
1998 Jean-Paul II Nigeria
46%
1983 Jean-Paul II Salvador
46%
1996 Jean-Paul II Salvador
46%
1992 Jean-Paul II Sénégal
46%
1983 Jean-Paul II Belize
42%
1983 Jean-Paul II Costa Rica
42%
1983 Jean-Paul II Honduras
42%
1990 Jean-Paul II Mali
42%
1983 Jean-Paul II Panama
42%
2019 François Panama
42%
2001 Jean-Paul II Syrie
42%
1985 Jean-Paul II Cameroun
38%
1995 Jean-Paul II Cameroun
38%
2009 Benoît XVI Cameroun
38%
1983 Jean-Paul II Haïti
38%
1993 Jean-Paul II Jamaïque
38%
1964 Paul VI Jordanie
38%
2000 Jean-Paul II Jordanie
38%
2009 Benoît XVI Jordanie
38%
2014 François Jordanie
38%
1980 Jean-Paul II Kenya
38%
1985 Jean-Paul II Kenya
38%
1995 Jean-Paul II Kenya
38%
2015 François Kenya
38%
1964 Paul VI Liban
38%
1997 Jean-Paul II Liban
38%
2012 Benoît XVI Liban
38%
2019 François Macédoine du Nord
38%
1990 Jean-Paul II Malte
38%
2001 Jean-Paul II Malte
38%
2010 Benoît XVI Malte
38%
2022 François Malte
38%
1970 Paul VI Philippines
38%
1981 Jean-Paul II Philippines
38%
1995 Jean-Paul II Philippines
38%
2015 François Philippines
38%
1996 Jean-Paul II Tunisie
38%
2001 Jean-Paul II Arménie
33%
2016 François Arménie
33%
2021 François Irak
33%
1970 Paul VI Iran
33%
1985 Jean-Paul II Liechtenstein
33%
2010 Benoît XVI Chypre
29%
2021 François Chypre
29%
1980 Jean-Paul II Côte d'ivoire
29%
1985 Jean-Paul II Côte d'ivoire
29%
1990 Jean-Paul II Côte d'ivoire
29%
1999 Jean-Paul II Géorgie
29%
2016 François Géorgie
29%
1988 Jean-Paul II Mozambique
29%
2019 François Mozambique
29%
1990 Jean-Paul II Rwanda
29%
1990 Jean-Paul II Tanzanie
29%
1982 Jean-Paul II Bénin
25%
1993 Jean-Paul II Bénin
25%
2011 Benoît XVI Bénin
25%
1985 Jean-Paul II Centrafrique
25%
2015 François Centrafrique
25%
1970 Paul VI Indonésie
25%
1981 Jean-Paul II Pakistan
25%
1993 Jean-Paul II Soudan
25%
1985 Jean-Paul II Togo
25%
1989 Jean-Paul II Zambie
25%
2002 Jean-Paul II Azerbaïdjan
21%
2016 François Azerbaïdjan
21%
1979 Jean-Paul II Bahamas
21%
1990 Jean-Paul II Burundi
21%
1982 Jean-Paul II Gabon
21%
1980 Jean-Paul II Ghana
21%
1989 Jean-Paul II Madagascar
21%
2019 François Madagascar
21%
1979 Jean-Paul II République Dominicaine
21%
1984 Jean-Paul II République dominicaine
21%
1992 Jean-Paul II République dominicaine
21%
1990 Jean-Paul II Tchad
21%
1984 Jean-Paul II Thaïlande
21%
2019 François Thaïlande
21%
1988 Jean-Paul II Zimbabwe
21%
1990 Jean-Paul II Cap-vert
17%
1992 Jean-Paul II Guinée
17%
1990 Jean-Paul II Guinée Bissau
17%
1988 Jean-Paul II Lesotho
17%
1969 Paul VI Ouganda
17%
1993 Jean-Paul II Ouganda
17%
2015 François Ouganda
17%
1986 Jean-Paul II Seychelles
17%
1989 Jean-Paul II Timor oriental
17%
1985 Jean-Paul II Trinité-et-Tobago
17%
1970 Paul VI Bangladesh
13%
1986 Jean-Paul II Bangladesh
13%
2017 François Bangladesh
13%
2017 François Birmanie
13%
1988 Jean-Paul II Botswana
13%
1980 Jean-Paul II Burkina Faso
13%
1990 Jean-Paul II Burkina Faso
13%
2019 François Emirats Arabes unis
13%
1992 Jean-Paul II Gambie
13%
1989 Jean-Paul II Malawi
13%
1970 Paul VI Samoa
13%
2023 François Soudan-du-Sud
13%
2022 François Bahrein
8%
1988 Jean-Paul II Eswatini
8%
1986 Jean-Paul II Fidji
8%
1982 Jean-Paul II Guinée équatoriale
8%
2001 Jean-Paul II Kazakhstan
8%
2022 François Kazakhstan
8%
1989 Jean-Paul II Maurice
8%
1989 Jean-Paul II Maurice
8%
2019 François Maurice
8%
2023 François Mongolie
8%
2014 François Palestine
8%
1984 Jean-Paul II Papouasie-Nouvelle-Guinée
8%
1995 Jean-Paul II Papouasie-Nouvelle-Guinée
8%
1986 Jean-Paul II Sainte-Lucie
8%
1984 Jean-Paul II Salomon
8%
1992 Jean-Paul II Sao Tomé et Principe
8%
1986 Jean-Paul II Singapour
8%
1970 Paul VI Sri Lanka
8%
1995 Jean-Paul II Sri Lanka
8%
2015 François Sri Lanka
8%
1968 Paul VI Bermudes
4%
1981* Jean-Paul II Guam
4%
1990* Jean-Paul II Curaçao
0%
1970* Paul VI Hong-Kong
0%
1995* Jean-Paul II Nations Unies
0%
1965* Paul VI Nations-Unies
0%
2014* François Parlement européen
0%
1989* Jean-Paul II Réunion
0%
1970* Paul VI Samoa américaines
0%
1990* Jean-Paul II Tchécoslovaquie
0%
Aucun quiz correspondant
Distribution des résultats
% des personnes avec chaque résultat
Percentile par nombre de réponses
Votre historique - résultats
Vous n’avez pas pris ce quiz